000 004280000a22001690004500
003 LK-CoMWRAF
008 230817t ||||| |||| 00| 0 eng d
040 _aLK-CoMWRAF
_dLK-CoMWRAF
_eLK-CoMWRAF
041 _aeng
082 _a060
_bILA
245 _aIlangai maththiya vanki 1992 (Tamil Text)
_b
260 _aColombo
_CB
_c1993
300 _ap.p.v.
650 _aCentral Bank Report-1992
650 _aStatistics
942 _cBK
999 _c2671
_d2671